Good looking : essays on the virtue of images
Αποθηκεύτηκε σε:
| Κύριος συγγραφέας: | |
|---|---|
| Μορφή: | Βιβλίο |
| Γλώσσα: | English |
| Δημοσίευση: |
Cambridge, Mass. :
MIT Press,
c1996.
|
| Θέματα: | |
| Ετικέτες: |
Προσθήκη ετικέτας
Δεν υπάρχουν, Καταχωρήστε ετικέτα πρώτοι!
|
MARC
| LEADER | 00000cam a2200000 i 4500 | ||
|---|---|---|---|
| 001 | 1/84179 | ||
| 008 | 080508s1996 mau| ||| |||| ||eng|| | ||
| 020 | |a 0262193698 | ||
| 035 | |l 10097123 | ||
| 040 | |a GR-MyUa |b gre |e AACR2 | ||
| 041 | 0 | |a eng | |
| 082 | 7 | |a 302.23 |2 (22) | |
| 100 | 1 | |a Stafford, Barbara Maria, |d 1941- | |
| 245 | 1 | 0 | |a Good looking : |b essays on the virtue of images / |c Barbara Maria Stafford. |
| 260 | |a Cambridge, Mass. : |b MIT Press, |c c1996. | ||
| 300 | |a xv, 259 σ. : |b εικ. ; |c 24 εκ. | ||
| 504 | |a Βιβλιογραφία: σ. [214]-245. Ευρετήριο. | ||
| 650 | 0 | |a Visual communication. | |
| 650 | 0 | |a Postmodernism. | |
| 852 | |a INST |b SYROS |e 20080508 |h 302.23 STA |p 005500006018 |q 005500006018 |t BK |y 0 | ||
| 901 | |a BIBL5-2008-2 | ||
| 922 | |a 5ΕΛΗ |b 200803 |c ΕΠΕΑΕΚ2/ΤΜΣΠΣ |d ΕΛΕΥΘΕΡΟΥΔΑΚΗΣ | ||
| 970 | |a Καγιαβά |b Ειρήνη |z 08/05/2008 | ||